00645nam a22002057a 450000500170000001000150001702000230003202000260005503500130008103500170009403700150011103700170012608200060014310000200014924500820016926000460025127000620029730000360035950000440039520140116125520.0 aENG-106594 a0198082207c295.00 a9780198082200c295.00 aEN-90127 aB-512593-594 bDBAD / PUB bBSB/Venadpl aS aMajumdar, Mitra aTales from Thakurmar Jhuli :cby Mitra Majumdarbtwelve stories from Bengal / aNew Delhi bOxford University Pressc2012 aYMCA Library Building, Jai Singh RoadbNew Delhi e110001 axxiii, 150p.;c24cm (pbk) bill aTranslated from Bengali by Sukhendu Ray